000 00368pam a2200157a 44500
008 230515b2010 xxu||||| |||| 00| 0 eng d
020 _aNULL
041 _aENGLISH
082 _a223
100 _aARENS F.W.
245 _aADVERTISING
250 _a7
260 _aPUNE
_bLIBRARY OF CONGRESS CATALOGING IN PUBLICATION DATA
_c2010
300 _a700
650 _aNULL
999 _c541290
_d541290